00000000nam##2200000za#4500
0019.610932
003CaOODSP
00520230131161134
007ta
008150406|1994||||xxc|||||     f|0| 0 eng|d
020 |a0-660-15405-6
022 |a0068-7626
040 |aCaOODSP|beng
043 |an-cn---
0861 |aM42-470E
1102 |aGeological Survey of Canada.
24514|aThe Phanerozoic geology of southern Ellesmere and north Kent Islands, Canadian Arctic Archipelago : |b(Craig Harbour, Baad Fiord, and eastern part of Cardigan Strait map areas, NTS 49 A, 49 B, and 59 A) / |cby U. Mayr et al.
260 |aOttawa - Ontario : |bNatural Resources Canada. |c1994.
300 |a298p. : |bfigs., references, tables ; |c28 cm. + |e7 folded figs., and 3 folded maps. In case, 30cm.
4901 |aBulletin|x0068-7626|v470
546 |aRésumés en français
563 |aSoftcover
590 |a94-41|b1994-10-14
7201 |aMayr, U.
830#0|aBulletin,|x0068-7626|v470|w(CaOODSP)9.514768